000 00790nam a2200265 i 4500
003 DO-SdBNP
005 20240718154118.0
007 ta
008 240718b1990 pr a|||| |||| 00| 0 spa d
020 _a0940238861
040 _aDO-SdBNP
_bspa
_cBNPHU
_erda
082 4 _222
100 _aPicó, Fernándo,
_916158
_eautor
245 1 0 _aHistoria general de Puerto Rico /
_cFernando Picó
250 _a5a edición revisada y aumentada
264 _aPuerto Rico :
_bHuracán,
_c1990.
300 _a300 páginas :
_bilustraciones ;
_c23 cm.
336 _2rdacontent
_atexto
_btxt
337 _2rdamedia
_asin mediación
_bn
338 _2rdacarrier
_avolumen
_bnc
504 _aBibliografía : páginas 293-300
590 _aInventariado, 2024/BT
910 _aBtavárez
942 _2ddc
_cLBS1
999 _c57319
_d57319